• 首页
  • 本馆介绍
  • 公告通知
  • 最新文献
  • 馆藏检索
  • 电子资源
  • 读者导购
  • 参考咨询
  • 我的图书馆
  • 登录
  • 详细信息显示
  • 放入我的书架
  • 预约/预借图书
  • 作者相关作品
  • 分类相关作品
  • 丛书相关作品
  • 出版社相关作品

书目信息

  • 表格格式
  • 工作单格式
  • 卡片格式
题名:
全国总书目
    
 
作者: ;国家出版事业管理局版本图书馆 编
分册: 1975  
出版信息: 北京   中华书局  1979.12
页数: 800页
开本: 21cm
丛书名:
单 册:
中图分类: Z812.1
科图分类:
主题词: 国家书目--中国
电子资源:
ISBN:
000 00648nam0 2200205 45
001 0181015498
005 20060531174054.84
010    @b精装@dCNY4.00
091    @a17018.85
100    @a20810111d km y0chiy0120 ea
101 0  @achi
200 1  @a全国总书目@AQuan Guo Zong Shu Mu@h1975@f国家出版事业管理局版本图书馆编@FGuo Jia Chu Ban Shi Ye Guan Li Ju Ban Ben Tu Shu Guan Bian
210    @a北京@c中华书局@d1979.12
215    @a800页@d21cm
300    @a内部发行
606 0  @a国家书目@x中国
690    @aZ812.1@v3
711 02 @a国家出版事业管理局版本图书馆@4编
801    @aCN@bTSTC@c20060531
905    @dZ812.1@e1975@f1@b178892@f1@b33268@f1@b25575
    
    全国总书目.1975/国家出版事业管理局版本图书馆编.-北京:中华书局,1979.12
    800页;21cm
    内部发行
    
    ISBN (精装):CNY4.00
    
●
相关链接 在E读中查询图书 在五车中查询图书 在当当中查询图书 在豆瓣中查询图书


正题名:全国总书目     索取号:Z812.1/1975         预约/预借

序号 登录号 条形码 馆藏地/架位号 状态 备注
1 0025575   001557844   密集书库/ [索取号:Z812.1/1975] 在馆    
2 0033268   002035265   密集书库/ [索取号:Z812.1/1975] 在馆    
3 0178892   001557773   工具书阅览室/ [索取号:Z812.1/1975] 在馆    
4 0178893   202127242   第二样本阅览室/ [索取号:Z812.1/1975] 在馆    
5 0420116   204201167   密集书库/ [索取号:Z812.1/1975] 在馆    
6 0420117   204201176   密集书库/ [索取号:Z812.1/1975] 在馆    
唐山师范学院图书馆 欢迎您!
大连网信软件有限公司© 版权所有